| 000 | 00482nam a2200157Ia 4500 | ||
|---|---|---|---|
| 005 | 20250304234921.0 | ||
| 008 | 240331s9999 xx 000 0 und d | ||
| 082 |
_bVIS _21560 _a920 |
||
| 100 | _aViswanathan, S | ||
| 245 | 0 |
_aTamil Tentral: _bTiru. Vi. Ka |
|
| 250 | _a2nd Edition | ||
| 260 |
_aMadras _bTamil Puthakalayam _c1987 |
||
| 300 | _a180 p., | ||
| 500 | _aA collection of essays by Thiru. V. K, an Indian scholar, essayist, and activist for the Tamil language. | ||
| 942 | _cL | ||
| 999 |
_c4274 _d4274 |
||